| 000 | 00415nam a22001457a 4500 | ||
|---|---|---|---|
| 003 | SGT | ||
| 082 | _a345.50420954,MIT | ||
| 100 | _aMITTER,V | ||
| 245 | _aLAW OF DEFAMATION & MALICIOUS PROSECUTION CIVIL AND CRIMINAL WITH MODEL FORMS OF PLAINTS AND DEFENCES AND ALLIED LEGISLATIONS | ||
| 250 | _a13TH | ||
| 260 |
_aNEW DELHI _bUNIVERSAL BOOKS _c2014 |
||
| 300 | _a638 | ||
| 650 | _aCRIMINAL LAW | ||
| 942 |
_2ddc _cBK _03 |
||
| 999 |
_c9764 _d9764 |
||